CBSE QUESTION BANK (ACCOUNTANCY)-12 (Record no. 12666)

MARC details
000 -LEADER
fixed length control field 00259nam a22000977a 4500
008 - FIXED-LENGTH DATA ELEMENTS--GENERAL INFORMATION
fixed length control field 240909b |||||||| |||| 00| 0 eng d
020 ## - INTERNATIONAL STANDARD BOOK NUMBER
International Standard Book Number 9789359584393
100 ## - MAIN ENTRY--PERSONAL NAME
Personal name Oswaal
9 (RLIN) 7599
245 ## - TITLE STATEMENT
Title CBSE QUESTION BANK (ACCOUNTANCY)-12
260 ## - PUBLICATION, DISTRIBUTION, ETC. (IMPRINT)
Place of publication, distribution, etc. New Delhi
Name of publisher, distributor, etc. Oswaal
Date of publication, distribution, etc. 2024
Holdings
Withdrawn status Lost status Source of classification or shelving scheme Damaged status Koha normalized classification for sorting Not for loan Home library Current library Shelving location Date acquired Total Checkouts Full call number Barcode Date last seen Price effective from Koha item type
    Dewey Decimal Classification   OSW_657_000000000000000   Good Samaritan School Library Good Samaritan School Library Accountancy 09/09/2024   OSW657 OSW17984 09/09/2024 09/09/2024 BOOK

Powered by Koha